Lesnícka botanika II.

Bibliographic Details
Main Author: Pleva, Jozef (Author)
Format: Book
Language:Slovak
PhysicalDescription:411, [1] s. ilustr. 20 cm
Published: Bratislava Slovenské vydavateľstvo pôdohospodárskej literatúry 1962
Series:Poľnohospodárske učebnice
Subjects:

MARC

LEADER 00000cam a2200000 a 4500
001 vtls008353401
003 SK-MaSNL
005 20260301230049.0
008 230403s1962 xo a d p 000 0 slo
015 |a SNBA1962/11-02193 
020 |q (viaz.) 
035 |a SK01SNK19620045618 
035 |a urn:nbn:sk:snk-am3iu22 
035 |a 72A7AF19-57D7-404A-8C93-372ADA307B3B 
035 |a urn:nbn:sk:snk-am00fiqr 
035 |a SKM000048081 
040 |a SNK  |b slo  |c SNK  |e AACR2 
041 0 |a slo 
044 |a xo  |c SK 
080 |a 58  |2 2001 
080 |a 630  |2 2001 
080 |a (075.3)  |2 2001 
100 1 |a Pleva, Jozef  |4 aut  |9 532203 
245 1 0 |a Lesnícka botanika  |n II.  |c Jozef Pleva 
260 |a Bratislava  |b Slovenské vydavateľstvo pôdohospodárskej literatúry  |c 1962  |e Bratislava  |f Polygrafické závody 02 
300 |a 411, [1] s.  |b ilustr.  |c 20 cm 
366 |e 2000 výt. 
490 1 |a Poľnohospodárske učebnice  |v zv. 508 
504 |a Register 
650 0 7 |a lesnícka botanika  |2 SNKPH  |9 87434 
650 0 7 |a lesníctvo  |2 SNKPH  |9 1255 
655 7 |a učebnice stredných škôl  |2 SNKPH  |9 69323 
830 0 |a Poľnohospodárske učebnice  |9 286242 
852 |a Slovenská národná knižnica 
954 |a odborná, vedecká literatúra pôvodná (slovenská)  |2 lita 
958 |a RK 
958 |a UC 
958 |a NB 
958 |a OND 
958 |a EUIPO 
999 |c 953342  |d 955272 
952 |a SNK  |b SNK  |y PREZ  |7 0  |p 17A0846516  |o snkSC 17045/2  |i snkKSP 5264/62  |0 0  |1 0  |4 0  |d 2020-09-18  |f 1  |l 0  |r 2025-07-18 00:00:00  |w 2026-02-24 
952 |a SNK  |b SNK  |y VYP  |7 0  |o snkSC 17045/2 D1  |0 0  |1 0  |4 0  |d 2020-09-18  |l 0  |r 2026-02-24 09:55:06  |w 2026-02-24